KAYACHIKITSHA (Record no. 11513)

MARC details
000 -LEADER
fixed length control field 00284nam a22001337a 4500
003 - CONTROL NUMBER IDENTIFIER
control field SGT
082 ## - DEWEY DECIMAL CLASSIFICATION NUMBER
Classification number 615.53
Item number K17S
100 ## - MAIN ENTRY--PERSONAL NAME
Personal name SHARMA , AJAY KUMAR
245 ## - TITLE STATEMENT
Title KAYACHIKITSHA
260 ## - PUBLICATION, DISTRIBUTION, ETC. (IMPRINT)
Place of publication, distribution, etc DELHI
Name of publisher, distributor, etc CHAUKHAMBHA PUB
Year of Publication 2017
300 ## - PAGE DESCRIPTION
No. of Pages 949
650 ## - SUBJECT ADDED ENTRY--TOPICAL TERM
Topical term or geographic name as entry element AYURVEDA
942 ## - ADDED ENTRY ELEMENTS (KOHA)
Source of classification or shelving scheme Dewey Decimal Classification
Koha item type Books
942 ## - ADDED ENTRY ELEMENTS (KOHA)
-- 45
Holdings
Withdrawn status Lost status Source of classification or shelving scheme Damaged status Not for loan Collection code Home library Current library Shelving location Date acquired Vendor Name Cost, normal purchase price Volume Information (Serial or Books or Non-Book Material) SGTU Bill Number Total Checkouts Total Renewals Full call number Accession No. (Barcode) Date last seen Date last borrowed Bill Date Koha item type
    Dewey Decimal Classification     AYURVEDA SGT FA-FP Library SGT FA-FP Library Text Book 15/04/2017 CHAUKHAMBHA PUB 525.00 2 SGTU 55/17-18 32 1 615.53 K17S FA6511 07/04/2026 14/03/2026 06/04/2017 Books
    Dewey Decimal Classification     AYURVEDA SGT FA-FP Library SGT FA-FP Library Text Book 15/04/2017 CHAUKHAMBHA PUB 525.00 2 SGTU 55/17-18     615.53 K17S FA6512 15/04/2017   06/04/2017 Books
    Dewey Decimal Classification     AYURVEDA SGT FA-FP Library SGT FA-FP Library Text Book 15/04/2017 CHAUKHAMBHA PUB 525.00 2 SGTU 55/17-18     615.53 K17S FA6513 15/04/2017   06/04/2017 Books
    Dewey Decimal Classification     AYURVEDA SGT FA-FP Library SGT FA-FP Library Text Book 15/04/2017 CHAUKHAMBHA PUB 525.00 2 SGTU 55/17-18 34 1 615.53 K17S FA6514 17/03/2026 13/03/2026 06/04/2017 Books
    Dewey Decimal Classification     AYURVEDA SGT FA-FP Library SGT FA-FP Library Text Book 15/04/2017 CHAUKHAMBHA PUB 525.00 2 SGTU 55/17-18     615.53 K17S FA6515 15/04/2017   06/04/2017 Books